000 00313nam a22001337a 4500
008 181015b xxu||||| |||| 00| 0 eng d
020 _a9781609130015
041 _aeng
080 _a615
100 _a5
101 _aSHF
245 _aIntroduction to the Pharmaceutical Sciences
_cPandit, N.K
942 _2udc
_cBK
999 _c49740
_d49740